[Event "PRVA LIGA  CENTRALNE SRBIJE"]
[Site "?"]
[Date "2012.09.29"]
[Round "1.1"]
[White "Atalik, Suat"]
[Black "Chatalbashev, Boris"]
[Result "1-0"]
[WhiteElo "2603"]
[BlackElo "2549"]
[Annotator "Doe,John"]
[PlyCount "101"]
[EventDate "2012.09.29"]

1. d4 d6 2. g3 c5 3. dxc5 Qa5+ 4. Nc3 Qxc5 5. Bg2 Nf6 6. Nh3 e6 7. O-O Be7 8.
Be3 Qa5 9. Bf4 d5 10. e4 Nxe4 11. Nxe4 dxe4 12. Bxe4 Nc6 13. Bd2 Qc7 14. Nf4
Bf6 15. c3 g6 16. Qe2 O-O 17. Rad1 Ne5 18. Be3 Qc4 19. Bd4 Qxe2 20. Nxe2 Kg7
21. b3 a5 22. c4 a4 23. Nc3 axb3 24. axb3 Nc6 25. Bxf6+ Kxf6 26. Na4 Ke7 27. c5
Rd8 28. Nb6 Ra3 29. Rd6 Rxb3 30. Rfd1 Rxb6 31. Rxd8 Nxd8 32. cxb6 Bd7 33. Rc1
f5 34. Bg2 e5 35. Bd5 Kd6 36. Rc7 Nc6 37. Bg2 e4 38. Rxb7 Nd4 39. Rc7 Ne6 40.
Rc1 Bc6 41. Bf1 Bb7 42. Bb5 g5 43. Rd1+ Kc5 44. Rd7 Kxb6 45. Rd6+ Kxb5 46. Rxe6
f4 47. Re5+ Kc4 48. Rxg5 e3 49. gxf4 e2 50. Re5 Kd3 51. f3 1-0

[Event "PRVA LIGA  CENTRALNE SRBIJE"]
[Site "?"]
[Date "2012.09.29"]
[Round "1.1"]
[White "Indjic, Aleksandar"]
[Black "Brankovic, Dejan"]
[Result "0-1"]
[WhiteElo "2494"]
[BlackElo "2337"]
[PlyCount "66"]
[EventDate "2012.09.29"]

1. d4 Nf6 2. c4 g6 3. Nc3 Bg7 4. e4 d6 5. Nf3 O-O 6. Be2 e5 7. d5 a5 8. Bg5 h6
9. Bh4 Na6 10. Nd2 Qe8 11. a3 Bd7 12. b3 h5 13. Rb1 Nh7 14. f3 Bh6 15. Bf2 Qe7
16. b4 axb4 17. axb4 h4 18. Qc2 Qg5 19. Rg1 c5 20. bxc5 Nxc5 21. g3 hxg3 22.
hxg3 Ra3 23. Nf1 Rfa8 24. Be3 Qh5 25. Bxc5 dxc5 26. Rxb7 Ra1+ 27. Kf2 Ng5 28.
Bd1 Nh3+ 29. Kg2 Nxg1 30. Kxg1 Bh3 31. f4 Bg4 32. Bxg4 Qxg4 33. Qh2 exf4 0-1

[Event "PRVA LIGA  CENTRALNE SRBIJE"]
[Site "?"]
[Date "2012.09.29"]
[Round "1.1"]
[White "Dezelin, Milan"]
[Black "Todorovic, Goran N"]
[Result "1/2-1/2"]
[WhiteElo "2287"]
[BlackElo "2388"]
[PlyCount "39"]
[EventDate "2012.09.29"]

1. d4 Nf6 2. Bg5 e6 3. e4 h6 4. Bxf6 Qxf6 5. Nf3 d6 6. Nc3 Nd7 7. Qd2 c6 8. Nd1
e5 9. Ne3 Nb6 10. O-O-O exd4 11. Qxd4 Qxd4 12. Nxd4 g6 13. Be2 Be7 14. h4 h5
15. g3 a5 16. Rhe1 a4 17. a3 Ra5 18. Rd2 Rc5 19. f4 Kd8 20. b4 1/2-1/2

[Event "PRVA LIGA  CENTRALNE SRBIJE"]
[Site "?"]
[Date "2012.09.29"]
[Round "1.1"]
[White "Mladenovic, Stefan"]
[Black "Ristic, Nenad"]
[Result "1-0"]
[WhiteElo "2264"]
[BlackElo "2422"]
[PlyCount "109"]
[EventDate "2012.09.29"]

1. d4 Nf6 2. Nf3 g6 3. Bf4 Bg7 4. e3 d6 5. h3 O-O 6. Be2 c5 7. c3 cxd4 8. exd4
Nc6 9. O-O Nd5 10. Bh2 e5 11. Na3 Re8 12. Bc4 Be6 13. Re1 f6 14. b4 a5 15. b5
Nce7 16. Nd2 Kh8 17. Qf3 Bg8 18. Rad1 Qc7 19. Ndb1 Rad8 20. Bb3 Nb6 21. Bxg8
Nxg8 22. Rc1 Bh6 23. Rc2 exd4 24. Rd1 Qe7 25. Bg3 dxc3 26. Nxc3 d5 27. Ne2 Rc8
28. Nd4 Nc4 29. Nxc4 dxc4 30. b6 Qb4 31. Qxb7 Rcd8 32. Bc7 Re1+ 33. Rxe1 Qxe1+
34. Kh2 Rxd4 35. Qc6 Rd1 36. Qxc4 Rb1 37. Re2 Qb4 38. Qd5 Bf4+ 39. g3 Bh6 40.
Re8 Bf8 41. Bd8 Rb2 42. Kg2 Kg7 43. Qb7+ Kh6 44. Re4 Rxf2+ 45. Kxf2 Bc5+ 46.
Ke2 Qb5+ 47. Kd2 Bb4+ 48. Kc2 Qa4+ 49. Kd3 Qd1+ 50. Kc4 Qc2+ 51. Kb5 Qc5+ 52.
Ka6 g5 53. h4 Bd2 54. Qd7 Qc2 55. b7 1-0

[Event "PRVA LIGA  CENTRALNE SRBIJE"]
[Site "?"]
[Date "2012.09.29"]
[Round "1.1"]
[White "Djokic, Nenad"]
[Black "Zajic, Milan"]
[Result "0-1"]
[WhiteElo "2401"]
[BlackElo "2212"]
[PlyCount "83"]
[EventDate "2012.09.29"]

1. d4 d5 2. c4 c6 3. Nf3 Nf6 4. Nc3 dxc4 5. a4 Bf5 6. Ne5 Nbd7 7. Nxc4 Nb6 8.
Ne5 a5 9. f3 Nfd7 10. e4 Nxe5 11. exf5 Nec4 12. d5 Qd6 13. dxc6 bxc6 14. Qc2 g6
15. Be2 Bg7 16. Ne4 Qb4+ 17. Nd2 Ne3 18. Qxc6+ Kf8 19. Ra3 Rc8 20. Qxc8+ Nxc8
21. Rxe3 Bh6 22. Rc3 Nd6 23. O-O gxf5 24. Nc4 Bxc1 25. Rfxc1 Nxc4 26. Rxc4 Qxb2
27. R1c2 Qb6+ 28. Kf1 Kg7 29. g4 Rd8 30. gxf5 Rd4 31. Rc6 Qb1+ 32. Kf2 Qh1 33.
f6+ exf6 34. Bb5 Qxh2+ 35. Ke3 Qf4+ 36. Ke2 h5 37. Bd3 Qe5+ 38. Kd2 Qd5 39.
R6c3 Qxf3 40. Rc1 Qf2+ 41. Kd1 Rg4 42. Be2 0-1

[Event "PRVA LIGA  CENTRALNE SRBIJE"]
[Site "?"]
[Date "2012.09.29"]
[Round "1.2"]
[White "Stojanovic, Mihajlo"]
[Black "Milanovic, Slavisa"]
[Result "1/2-1/2"]
[WhiteElo "2572"]
[BlackElo "2426"]
[PlyCount "56"]
[EventDate "2012.09.29"]

1. c4 Nf6 2. Nc3 c5 3. Nf3 e6 4. e4 d6 5. d4 cxd4 6. Nxd4 a6 7. Be2 b6 8. O-O
Bb7 9. f3 Be7 10. Be3 O-O 11. Qd2 Qc7 12. Rfc1 Nbd7 13. a4 Rac8 14. a5 bxa5 15.
Nb3 a4 16. Nxa4 Nc5 17. Na5 Bc6 18. Nc3 Rb8 19. Nd1 Ba8 20. b4 Ncd7 21. Nf2
Rfd8 22. Nd3 Ne5 23. Rab1 Nxd3 24. Bxd3 Nd7 25. Bf1 Ne5 26. Qa2 h6 27. c5 dxc5
28. Bxa6 c4 1/2-1/2

[Event "PRVA LIGA  CENTRALNE SRBIJE"]
[Site "?"]
[Date "2012.09.29"]
[Round "1.2"]
[White "Ivanovic, Dragutin"]
[Black "Tadic, Branko"]
[Result "1/2-1/2"]
[WhiteElo "2371"]
[BlackElo "2525"]
[PlyCount "86"]
[EventDate "2012.09.29"]

1. d4 d6 2. e4 Nf6 3. f3 e5 4. Ne2 exd4 5. Nxd4 d5 6. e5 Nfd7 7. e6 Nf6 8.
exf7+ Kxf7 9. Be2 c5 10. Nb3 c4 11. Nd4 Bc5 12. c3 Re8 13. O-O Nc6 14. Kh1 Qe7
15. Rf2 Qe5 16. f4 Ne4 17. Rf1 Qf6 18. Nd2 Nxd4 19. cxd4 Nxd2 20. Bxd2 Bxd4 21.
Bh5+ g6 22. Bf3 Kg7 23. Bxd5 Bf5 24. Bxc4 Bxb2 25. Rc1 Rad8 26. Qa4 Be4 27. Qb4
a5 28. Qxa5 Qc6 29. Bc3+ Bxc3 30. Qxc3+ Qf6 31. Qxf6+ Kxf6 32. Rfd1 Kf5 33. Bb5
Rxd1+ 34. Rxd1 Re7 35. Rf1 Rc7 36. Ba4 Rc4 37. Bb3 Rd4 38. Kg1 Rd2 39. Rf2 Rxf2
40. Kxf2 Kxf4 41. Bg8 h6 42. g3+ Ke5 43. Ke3 g5 1/2-1/2

[Event "PRVA LIGA  CENTRALNE SRBIJE"]
[Site "?"]
[Date "2012.09.29"]
[Round "1.2"]
[White "Nestorovic, Nikola"]
[Black "Blesic, Vaso"]
[Result "1-0"]
[WhiteElo "2430"]
[BlackElo "2390"]
[PlyCount "79"]
[EventDate "2012.09.29"]

1. e4 c5 2. Nf3 g6 3. d4 cxd4 4. Nxd4 Nc6 5. c4 Nf6 6. Nc3 d6 7. Be2 Nxd4 8.
Qxd4 Bg7 9. Be3 O-O 10. Qd2 Be6 11. O-O Qa5 12. Rac1 Rfc8 13. b3 a6 14. a4 Nd7
15. f3 Nc5 16. Qc2 f5 17. Kh1 Qb4 18. Bxc5 Rxc5 19. Nd5 Bxd5 20. exd5 b5 21.
Rb1 Rc7 22. Bd3 bxc4 23. Bxc4 a5 24. f4 e5 25. g4 e4 26. Rg1 Kh8 27. gxf5 gxf5
28. Rg5 Rf8 29. Rbg1 Qc3 30. Qg2 Qf3 31. Qxf3 exf3 32. Rf1 Re7 33. Rxf3 h6 34.
Rg6 Kh7 35. Rxd6 Bd4 36. Re6 Rg7 37. Rg3 Rfg8 38. Kg2 Rg4 39. d6 R8g7 40. Kf3
1-0

[Event "PRVA LIGA  CENTRALNE SRBIJE"]
[Site "?"]
[Date "2012.09.29"]
[Round "1.2"]
[White "Sandic, Vladeta"]
[Black "Todorovic, Jovan"]
[Result "0-1"]
[WhiteElo "2338"]
[BlackElo "2427"]
[PlyCount "107"]
[EventDate "2012.09.29"]

1. d4 Nf6 2. c4 g6 3. Nc3 Bg7 4. e4 d6 5. h3 O-O 6. Nf3 e5 7. d5 Nbd7 8. Bg5 h6
9. Be3 Nc5 10. Nd2 a5 11. Be2 Bd7 12. g4 c6 13. h4 Nh7 14. Nb3 Na6 15. Qd2 a4
16. Nc1 cxd5 17. cxd5 a3 18. bxa3 Nf6 19. g5 hxg5 20. hxg5 Ng4 21. Bxg4 Bxg4
22. Nb3 Qd7 23. Qd3 Rfc8 24. Kd2 Nc5 25. Nxc5 dxc5 26. a4 Rxa4 27. Nxa4 Qxa4
28. Rh4 Qb4+ 29. Kc2 Qa4+ 30. Kc1 c4 31. Qc2 Qa3+ 32. Qb2 Qa5 33. Rxg4 Qe1+ 34.
Kc2 Qe2+ 35. Kc1 Qxg4 36. Qxb7 Bf8 37. a4 c3 38. a5 Rc4 39. d6 Qe2 40. Qb3 Bxd6
41. Qc2 Qg4 42. a6 Bc5 43. a7 Bxe3+ 44. fxe3 Qg1+ 45. Qd1 Qxe3+ 46. Kc2 Qxe4+
47. Kb3 Rc8 48. a8=Q Rxa8 49. Rxa8+ Qxa8 50. Kxc3 Qc6+ 51. Kb3 Qb5+ 52. Ka2
Qc4+ 53. Ka3 Qc3+ 54. Ka2 0-1

[Event "PRVA LIGA  CENTRALNE SRBIJE"]
[Site "?"]
[Date "2012.09.29"]
[Round "1.2"]
[White "Lapcevic, Milos"]
[Black "Sorgic, Dragan"]
[Result "1-0"]
[WhiteElo "2396"]
[BlackElo "2257"]
[PlyCount "101"]
[EventDate "2012.09.29"]

1. d4 Nf6 2. c4 e6 3. Nc3 d5 4. cxd5 exd5 5. Bg5 c6 6. e3 Be7 7. Qc2 Nbd7 8.
Bd3 O-O 9. Nge2 Re8 10. O-O Nf8 11. f3 c5 12. Rad1 c4 13. Bf5 Bxf5 14. Qxf5 g6
15. Qc2 Ne6 16. Bh4 Nc7 17. Bg3 Bd6 18. e4 Bxg3 19. Nxg3 b5 20. e5 Nd7 21. f4
f5 22. exf6 Nxf6 23. f5 g5 24. Qd2 h6 25. h4 gxh4 26. Qxh6 hxg3 27. Rf3 Kf7 28.
Rxg3 Rg8 29. Rxg8 Qxg8 30. Qf4 Nce8 31. Re1 b4 32. Qe5 Qf8 33. Nxd5 Qd6 34.
Nxf6 Qxe5 35. dxe5 Nxf6 36. exf6 Kxf6 37. Re6+ Kxf5 38. Rc6 c3 39. bxc3 bxc3
40. Rxc3 Ke4 41. a4 a6 42. Rc6 Kd5 43. Rb6 a5 44. g3 Ke4 45. Kg2 Ra7 46. Rb5
Ra8 47. Kh3 Kf3 48. g4 Rh8+ 49. Rh5 Ra8 50. Rf5+ Ke4 51. Kg3 1-0

[Event "PRVA LIGA  CENTRALNE SRBIJE"]
[Site "?"]
[Date "2012.09.29"]
[Round "1.2"]
[White "Nikolic, Dragovan"]
[Black "Nestorovic, Lazar"]
[Result "1/2-1/2"]
[WhiteElo "2239"]
[BlackElo "2384"]
[PlyCount "35"]
[EventDate "2012.09.29"]

1. c4 Nf6 2. Nf3 g6 3. g3 Bg7 4. Bg2 O-O 5. O-O d6 6. Nc3 Nbd7 7. d3 e5 8. Rb1
Nh5 9. e4 c6 10. b4 Qe8 11. b5 Nc5 12. bxc6 bxc6 13. Ba3 Bg4 14. Na4 Qe7 15. h3
Bxf3 16. Bxf3 Nxa4 17. Qxa4 c5 18. Bxh5 1/2-1/2

[Event "PRVA LIGA  CENTRALNE SRBIJE"]
[Site "?"]
[Date "2012.09.29"]
[Round "1.3"]
[White "Milenkovic, Mladen"]
[Black "Stojanovski, Dejan"]
[Result "1/2-1/2"]
[WhiteElo "2404"]
[BlackElo "2435"]
[PlyCount "30"]
[EventDate "2012.09.29"]

1. e4 c5 2. Nf3 Nc6 3. d4 cxd4 4. Nxd4 g6 5. Nc3 Bg7 6. Be3 Nf6 7. Bc4 Qa5 8.
f3 Qb4 9. Ndb5 O-O 10. Bb3 Qa5 11. Qd2 d6 12. O-O-O Be6 13. Nd4 Nxd4 14. Bxd4
Rfc8 15. Kb1 b5 1/2-1/2

[Event "PRVA LIGA  CENTRALNE SRBIJE"]
[Site "?"]
[Date "2012.09.29"]
[Round "1.3"]
[White "Djukic, Zeljko"]
[Black "Nestorovic, Dejan"]
[Result "1/2-1/2"]
[WhiteElo "2405"]
[BlackElo "2438"]
[PlyCount "33"]
[EventDate "2012.09.29"]

1. d4 Nf6 2. c4 e6 3. Nc3 Bb4 4. Bd2 b6 5. a3 Bxc3 6. Bxc3 Ne4 7. Qc2 Bb7 8.
Nf3 O-O 9. g3 f5 10. Bg2 Nxc3 11. Qxc3 d6 12. O-O Nd7 13. Nd2 Bxg2 14. Kxg2 Qe7
15. f4 e5 16. dxe5 dxe5 17. e4 1/2-1/2

[Event "PRVA LIGA  CENTRALNE SRBIJE"]
[Site "?"]
[Date "2012.09.29"]
[Round "1.3"]
[White "Markovic, Zoran S"]
[Black "Ilic, Zoran S"]
[Result "1-0"]
[WhiteElo "2361"]
[BlackElo "2311"]
[PlyCount "63"]
[EventDate "2012.09.29"]

1. e4 c5 2. Nf3 e6 3. d4 cxd4 4. Nxd4 a6 5. Nc3 Qc7 6. Bd3 Nf6 7. O-O Bc5 8.
Nb3 Be7 9. f4 d6 10. Qf3 Nc6 11. g4 b5 12. g5 Nd7 13. Qh3 g6 14. a4 b4 15. Nd1
Na5 16. Nxa5 Qxa5 17. b3 Nc5 18. Bb2 e5 19. Qg2 Ne6 20. h4 O-O 21. f5 Nf4 22.
Qg3 gxf5 23. Rxf4 exf4 24. Qxf4 f6 25. gxf6 Qc5+ 26. Kh1 Rxf6 27. Ne3 Rg6 28.
exf5 Bb7+ 29. Be4 Rf8 30. Bxb7 Bf6 31. fxg6 Bxb2 32. gxh7+ 1-0

[Event "PRVA LIGA  CENTRALNE SRBIJE"]
[Site "?"]
[Date "2012.09.29"]
[Round "1.3"]
[White "Djokic, Vladan"]
[Black "Organdziev, Oliver"]
[Result "1/2-1/2"]
[WhiteElo "2334"]
[BlackElo "2311"]
[PlyCount "22"]
[EventDate "2012.09.29"]

1. c4 e5 2. Nc3 Nc6 3. g3 f5 4. Bg2 Nf6 5. a3 a5 6. e3 g6 7. Nge2 Bg7 8. d4 d6
9. O-O O-O 10. f4 e4 11. Rb1 d5 1/2-1/2

[Event "PRVA LIGA  CENTRALNE SRBIJE"]
[Site "?"]
[Date "2012.09.29"]
[Round "1.3"]
[White "Prelevic, Dusko"]
[Black "Djukic, Stevan"]
[Result "0-1"]
[WhiteElo "2337"]
[BlackElo "2256"]
[PlyCount "62"]
[EventDate "2012.09.29"]

1. Nf3 Nf6 2. c4 g6 3. b4 a5 4. b5 Bg7 5. Bb2 O-O 6. g3 c6 7. Bg2 cxb5 8. cxb5
Qb6 9. a4 Ne4 10. d4 Nc6 11. O-O d5 12. Nbd2 Nb4 13. Nxe4 dxe4 14. Nd2 f5 15.
Nc4 Qd8 16. Qd2 Be6 17. Nxa5 Qxa5 18. Bc3 Qd8 19. Bxb4 Qxd4 20. Qxd4 Bxd4 21.
Rad1 Bf6 22. a5 Bc4 23. Rd7 Bxb5 24. Rxb7 Bxe2 25. Re1 Bd3 26. Bf1 Rfb8 27. a6
Bxf1 28. Kxf1 Rxb7 29. axb7 Rb8 30. h4 Rxb7 31. Bd2 Bd4 0-1

[Event "PRVA LIGA  CENTRALNE SRBIJE"]
[Site "?"]
[Date "2012.09.29"]
[Round "1.4"]
[White "Marinkovic, Slavisa"]
[Black "Pantelic, Sasa"]
[Result "1/2-1/2"]
[WhiteElo "2398"]
[BlackElo "2328"]
[PlyCount "22"]
[EventDate "2012.09.29"]

1. e4 c5 2. Nf3 d6 3. d4 cxd4 4. Nxd4 Nf6 5. Nc3 g6 6. Be3 Bg7 7. f3 O-O 8. Qd2
Nc6 9. Bc4 Qa5 10. O-O-O Nxd4 11. Bxd4 Be6 1/2-1/2

[Event "PRVA LIGA  CENTRALNE SRBIJE"]
[Site "?"]
[Date "2012.09.29"]
[Round "1.4"]
[White "Merdovic, Miroljub"]
[Black "Savic, Dragan"]
[Result "1/2-1/2"]
[WhiteElo "2154"]
[BlackElo "2119"]
[PlyCount "23"]
[EventDate "2012.09.29"]

1. e4 e6 2. d4 d5 3. exd5 exd5 4. Nc3 c6 5. Nf3 Bd6 6. Bd3 Ne7 7. h3 O-O 8. O-O
Bf5 9. Re1 Bxd3 10. Qxd3 Nd7 11. Bd2 Re8 12. Rad1 1/2-1/2

[Event "PRVA LIGA  CENTRALNE SRBIJE"]
[Site "?"]
[Date "2012.09.29"]
[Round "1.5"]
[White "Rusev, Krasimir"]
[Black "Pap, Gyula"]
[Result "1-0"]
[WhiteElo "2544"]
[BlackElo "2569"]
[PlyCount "81"]
[EventDate "2012.09.29"]

1. d4 g6 2. Nf3 Bg7 3. Bf4 d6 4. e3 Nf6 5. h3 O-O 6. Be2 c5 7. c3 Be6 8. dxc5
dxc5 9. Nbd2 Nc6 10. Qc2 a6 11. O-O b5 12. e4 Rc8 13. Rad1 Qb6 14. Nb3 Na5 15.
Ne5 Nxb3 16. axb3 Rfd8 17. Be3 Qb7 18. Bf3 Nd7 19. Nxd7 Rxd7 20. Rxd7 Qxd7 21.
Rd1 Qc6 22. Rd2 h5 23. Bf4 a5 24. Be2 c4 25. bxc4 Bxc4 26. Bf3 Be6 27. Qd1 b4
28. cxb4 axb4 29. Rd8+ Kh7 30. e5 Rxd8 31. Qxd8 Qc5 32. Qd2 b3 33. Qe2 Qd4 34.
g3 Bxh3 35. Bxh5 Bf5 36. Bf3 Bc2 37. e6 Qxb2 38. exf7 Qa1+ 39. Kh2 b2 40. Qxe7
g5 41. Qxg5 1-0

[Event "PRVA LIGA  CENTRALNE SRBIJE"]
[Site "?"]
[Date "2012.09.29"]
[Round "1.5"]
[White "Martinovic, Slobodan"]
[Black "Radovanovic, Dusan"]
[Result "1/2-1/2"]
[WhiteElo "2447"]
[BlackElo "2359"]
[PlyCount "91"]
[EventDate "2012.09.29"]

1. c4 Nf6 2. Nf3 e6 3. d4 b6 4. g3 Ba6 5. b3 Bb4+ 6. Bd2 Be7 7. Nc3 O-O 8. Bg2
d5 9. cxd5 Nxd5 10. Nxd5 exd5 11. O-O Nd7 12. Bf4 Re8 13. Rc1 c5 14. Re1 Nf6
15. Ne5 Bd6 16. e3 Rc8 17. Qf3 h6 18. h4 Qe7 19. Ng4 Bxf4 20. Qxf4 Nxg4 21.
Qxg4 Qe6 22. Qf4 Bd3 23. Red1 c4 24. bxc4 Bxc4 25. Kh2 Qe7 26. Rc2 Rc6 27. Rdc1
Rf6 28. Qg4 b5 29. Bf1 Ra6 30. Bxc4 bxc4 31. Rb1 Rb6 32. Rcb2 Qe6 33. Qf4 Rc8
34. Kg2 c3 35. Rxb6 axb6 36. g4 b5 37. Kf3 Qa6 38. Qf5 Rc6 39. Qxd5 b4 40. g5
Rc8 41. gxh6 Rc6 42. hxg7 Rf6+ 43. Ke4 Re6+ 44. Kf4 Rf6+ 45. Ke4 Re6+ 46. Kf4
1/2-1/2

[Event "PRVA LIGA  CENTRALNE SRBIJE"]
[Site "?"]
[Date "2012.09.29"]
[Round "1.5"]
[White "Zivkovic, Ivan B"]
[Black "Marinkovic, Ivan"]
[Result "1/2-1/2"]
[WhiteElo "2351"]
[BlackElo "2443"]
[PlyCount "43"]
[EventDate "2012.09.29"]

1. e4 Nf6 2. e5 Nd5 3. d4 d6 4. Nf3 g6 5. Bc4 Nb6 6. Bb3 Bg7 7. a4 d5 8. a5 Nc4
9. Qe2 b5 10. axb6 Nxb6 11. O-O a5 12. Re1 a4 13. Ba2 Bg4 14. Nbd2 e6 15. h3
Bxf3 16. Nxf3 N8d7 17. Bg5 Qc8 18. b3 c5 19. c3 h6 20. Be3 axb3 21. Bxb3 O-O
22. Rxa8 1/2-1/2

[Event "PRVA LIGA  CENTRALNE SRBIJE"]
[Site "?"]
[Date "2012.09.29"]
[Round "1.5"]
[White "Arsovic, Goran"]
[Black "Marcetic, Nikola"]
[Result "1/2-1/2"]
[WhiteElo "2435"]
[BlackElo "2382"]
[PlyCount "111"]
[EventDate "2012.09.29"]

1. d4 d5 2. Nf3 Nf6 3. c4 c6 4. e3 Bg4 5. cxd5 Bxf3 6. Qxf3 cxd5 7. Nc3 e6 8.
Bd2 a6 9. Rc1 Nc6 10. Bd3 Bd6 11. O-O O-O 12. Qh3 g6 13. f4 Ne8 14. g4 f5 15.
gxf5 gxf5 16. Kh1 Nf6 17. Rg1+ Kh8 18. Rg5 Qe7 19. Be2 Rg8 20. Rcg1 Bb4 21. Bf3
Raf8 22. Be1 Rf7 23. Qh6 Rxg5 24. fxg5 Ng8 25. Qh5 Rg7 26. a3 Bd6 27. Ne2 Qf7
28. Qxf7 Rxf7 29. Bg3 Bxg3 30. Rxg3 Nd8 31. g6 Rg7 32. Nf4 Ne7 33. Bh5 hxg6 34.
Bxg6 Kg8 35. Rg2 Ndc6 36. Be8 Nd8 37. Rxg7+ Kxg7 38. Kg2 Ng8 39. Ba4 Nf6 40.
Bc2 Ng4 41. Kf3 Nxh2+ 42. Ke2 Kf6 43. Ba4 Ke7 44. Bd1 Ng4 45. Kd2 Nf6 46. Bc2
Nf7 47. Ke2 Nd6 48. b3 Nb5 49. a4 Nd6 50. Kf3 Nde4 51. Ke2 Kd6 52. Ng6 Nd7 53.
Nh4 Ng5 54. Ng6 Kc6 55. Nf4 Kd6 56. Kd2 1/2-1/2

[Event "PRVA LIGA  CENTRALNE SRBIJE"]
[Site "?"]
[Date "2012.09.29"]
[Round "1.5"]
[White "Vuckovic, Branko"]
[Black "Simonovic, Aleksandar"]
[Result "1/2-1/2"]
[WhiteElo "2258"]
[BlackElo "2379"]
[PlyCount "27"]
[EventDate "2012.09.29"]

1. e4 c5 2. Nf3 Nc6 3. Bb5 Na5 4. c3 a6 5. Be2 e6 6. d4 cxd4 7. cxd4 b5 8. O-O
Bb7 9. d5 Nf6 10. Bg5 h6 11. Bxf6 gxf6 12. Nd4 Qb6 13. Nc3 Rc8 14. Qd3 1/2-1/2

[Event "PRVA LIGA  CENTRALNE SRBIJE"]
[Site "?"]
[Date "2012.09.29"]
[Round "1.5"]
[White "Vucicevic, Moma"]
[Black "Pajic, Milomir"]
[Result "1/2-1/2"]
[WhiteElo "2313"]
[BlackElo "2177"]
[PlyCount "28"]
[EventDate "2012.09.29"]

1. d4 d5 2. c4 e6 3. Nf3 Nf6 4. g3 c6 5. Bg2 Nbd7 6. Qc2 Bd6 7. O-O O-O 8. Nbd2
Re8 9. e4 dxe4 10. Nxe4 Nxe4 11. Qxe4 e5 12. Bg5 f6 13. Bd2 exd4 14. Qxd4 Ne5
1/2-1/2

[Event "PRVA LIGA  CENTRALNE SRBIJE"]
[Site "?"]
[Date "2012.09.29"]
[Round "1.6"]
[White "Pavlovic, Dejan S"]
[Black "Petkov, Vladimir"]
[Result "1/2-1/2"]
[WhiteElo "2406"]
[BlackElo "2522"]
[PlyCount "120"]
[EventDate "2012.09.29"]

1. e4 e5 2. Nf3 Nc6 3. d4 exd4 4. Nxd4 Nf6 5. Nxc6 bxc6 6. e5 Qe7 7. Qe2 Nd5 8.
c4 Ba6 9. Nd2 Nf4 10. Qe3 Ne6 11. Be2 Qh4 12. g3 Qd4 13. Nb3 Bb4+ 14. Kf1 Qb6
15. Kg2 O-O 16. Rd1 Rad8 17. Bd2 c5 18. Bc1 Bb7+ 19. Bf3 a5 20. a3 Nd4 21. Nxd4
cxd4 22. Qxd4 Bxf3+ 23. Kxf3 Bc5 24. Qd3 f6 25. exf6 Rxf6+ 26. Bf4 Kh8 27. Kg2
Qxb2 28. Qd2 Qb7+ 29. Qd5 Qxd5+ 30. Rxd5 d6 31. Re1 Rdf8 32. Re2 h6 33. h4 Rxf4
34. gxf4 Rxf4 35. Re8+ Kh7 36. Ra8 Rxh4 37. Rxa5 Rg4+ 38. Kh3 Rxc4 39. Kg2 Kg6
40. Rd3 Kf5 41. Ra8 Rc2 42. Rf3+ Ke6 43. a4 Ra2 44. a5 Kd5 45. Rf7 g5 46. Rxc7
Bxf2 47. Rf7 Bd4+ 48. Kf1 g4 49. Rg8 h5 50. Rf5+ Ke4 51. Rxh5 Be5 52. Rb8 g3
53. Rb4+ Kd3 54. Rg4 Ra1+ 55. Kg2 Ra2+ 56. Kf1 Ke3 57. Rxe5+ dxe5 58. Rxg3+ Kf4
59. Rb3 Rxa5 60. Ke2 Ra2+ 1/2-1/2

[Event "PRVA LIGA  CENTRALNE SRBIJE"]
[Site "?"]
[Date "2012.09.29"]
[Round "1.6"]
[White "Tosic, Miroslav"]
[Black "Misailovic, Nebojsa"]
[Result "0-1"]
[WhiteElo "2421"]
[BlackElo "2313"]
[PlyCount "72"]
[EventDate "2012.09.29"]

1. c4 Nf6 2. Nc3 d5 3. cxd5 Nxd5 4. g3 g6 5. Bg2 Nb6 6. Nf3 Bg7 7. O-O O-O 8.
d3 Nc6 9. Bg5 Nd5 10. Qd2 Re8 11. Rfd1 Nxc3 12. bxc3 Qd6 13. Rab1 b6 14. Bh6
Bh8 15. e4 Ba6 16. d4 Rad8 17. e5 Qa3 18. Qc2 Bc8 19. Nh4 Nb8 20. Be4 Bd7 21.
Rb3 Qa5 22. Nxg6 hxg6 23. Bxg6 Bg7 24. Bxf7+ Kxf7 25. Qh7 Rg8 26. c4 Bg4 27.
Rdd3 Rdf8 28. Re3 Qxa2 29. Rf3+ Ke8 30. Qg6+ Kd8 31. Qxg4 Bxh6 32. Qe6 Qd2 33.
c5 Rxf3 34. Rxf3 Rf8 35. Qd5+ Kc8 36. c6 Qc1+ 0-1

[Event "PRVA LIGA  CENTRALNE SRBIJE"]
[Site "?"]
[Date "2012.09.29"]
[Round "1.6"]
[White "Colovic, Dusan"]
[Black "Paunovic, Tomislav"]
[Result "1-0"]
[WhiteElo "2383"]
[BlackElo "2333"]
[PlyCount "79"]
[EventDate "2012.09.29"]

1. d4 d5 2. Nc3 g6 3. Bf4 c6 4. Nf3 Bg7 5. e3 Nf6 6. Be2 Nbd7 7. Ne5 Ne4 8.
Nxe4 dxe4 9. Nc4 Nb6 10. Nd2 Nd5 11. Bg3 f5 12. c4 f4 13. cxd5 fxg3 14. hxg3
cxd5 15. Qb3 e6 16. Bb5+ Kf7 17. f4 exf3 18. gxf3 h5 19. Rc1 h4 20. gxh4 Rxh4
21. Ke2 Rxh1 22. Rxh1 e5 23. dxe5 Be6 24. Bd3 Rc8 25. Qxb7+ Rc7 26. Qb4 Bxe5
27. f4 Bg4+ 28. Nf3 Bf6 29. Kf2 Kg7 30. Kg3 Bh5 31. Nd4 Qc8 32. Bf5 Rc4 33. Qd6
Qe8 34. Ne6+ Kh6 35. Qxd5 gxf5 36. Qxc4 Qg6+ 37. Ng5 Bxg5 38. fxg5+ Qxg5+ 39.
Kf2 Qd8 40. Qd4 1-0

[Event "PRVA LIGA  CENTRALNE SRBIJE"]
[Site "?"]
[Date "2012.09.29"]
[Round "1.6"]
[White "Manic, Jovica"]
[Black "Civric, Zdravko"]
[Result "1-0"]
[WhiteElo "2259"]
[BlackElo "2215"]
[PlyCount "105"]
[EventDate "2012.09.29"]

1. e4 c5 2. Nc3 Nc6 3. Bb5 g6 4. Bxc6 bxc6 5. d3 Bg7 6. Be3 d6 7. Qd2 Rb8 8. b3
Qa5 9. Nge2 d5 10. Bf4 e5 11. Bg3 Ne7 12. O-O O-O 13. Rad1 Qc7 14. f4 c4 15.
fxe5 Bxe5 16. dxc4 Bxg3 17. Nxg3 dxc4 18. Qg5 cxb3 19. cxb3 Qb6+ 20. Kh1 Qb4
21. Qe5 Bg4 22. Rd6 Rbd8 23. Rdf6 Be6 24. Nce2 Rd2 25. Nf4 Qd6 26. Qa1 Re8 27.
e5 Qa3 28. Nxe6 fxe6 29. Rxe6 Qxa2 30. Qxa2 Rxa2 31. Ne4 Rf8 32. Nf6+ Kf7 33.
Rd6 Nf5 34. Nd7 Rg8 35. g4 Ke7 36. gxf5 gxf5 37. Rg1 Rxg1+ 38. Kxg1 Rb2 39. Nc5
a5 40. Rxc6 Re2 41. Rc7+ Ke8 42. e6 f4 43. e7 Rc2 44. h4 f3 45. h5 h6 46. Ne6
Rxc7 47. Nxc7+ Kxe7 48. Nb5 Ke6 49. Nd4+ Kd5 50. Nxf3 Kc5 51. Kf2 Kb4 52. Nd4
Kc3 53. Ke3 1-0

[Event "PRVA LIGA  CENTRALNE SRBIJE"]
[Site "?"]
[Date "2012.09.29"]
[Round "1.6"]
[White "Knezevic, Veljko"]
[Black "Carnic, Srdjan"]
[Result "0-1"]
[WhiteElo "1915"]
[BlackElo "2338"]
[PlyCount "100"]
[EventDate "2012.09.29"]

1. e4 c5 2. Nf3 Nc6 3. d4 cxd4 4. Nxd4 g6 5. Nc3 Bg7 6. Be3 Nf6 7. Bc4 Qa5 8.
O-O O-O 9. Bb3 d6 10. h3 Bd7 11. f4 Rac8 12. Nd5 Rfe8 13. Qd3 Nxd5 14. Nxc6
bxc6 15. exd5 Bf5 16. Qd2 Qxd2 17. Bxd2 cxd5 18. Ba4 Bxb2 19. Rae1 Rf8 20. Rxe7
Bxc2 21. Bb3 Bxb3 22. axb3 Rfe8 23. Rfe1 Rxe7 24. Rxe7 Kf8 25. Rb7 Rc2 26. Bb4
Bd4+ 27. Kh2 Bc5 28. Bxc5 dxc5 29. Rxa7 Ke8 30. Rc7 d4 31. Kg3 Rc3+ 32. Kf2 h5
33. Ke2 Kd8 34. Rxf7 Rxb3 35. Rf6 Kd7 36. Rxg6 c4 37. f5 Rb2+ 38. Kd1 d3 39.
Rg3 Rf2 40. Re3 Rxf5 41. Re4 Rf1+ 42. Kd2 Rf2+ 43. Kd1 Rc2 44. g4 hxg4 45. hxg4
Kd6 46. g5 Kd5 47. Rg4 Ra2 48. g6 c3 49. Ke1 d2+ 50. Ke2 Ra1 0-1

[Event "PRVA LIGA  CENTRALNE SRBIJE"]
[Site "?"]
[Date "2012.09.29"]
[Round "1.6"]
[White "Todorovic, Bojan"]
[Black "Minic, Miroslav"]
[Result "1-0"]
[WhiteElo "2327"]
[BlackElo "2058"]
[PlyCount "59"]
[EventDate "2012.09.29"]

1. d4 d6 2. c4 f5 3. Nf3 Nf6 4. g3 g6 5. Bg2 Bg7 6. Nc3 O-O 7. O-O Nc6 8. d5
Ne5 9. Nxe5 dxe5 10. Be3 h6 11. Qb3 Kh8 12. Rad1 g5 13. c5 f4 14. Bd2 a6 15.
Ne4 Rb8 16. Bc3 Nxe4 17. Bxe4 Bh3 18. Bg2 Qc8 19. d6 exd6 20. cxd6 cxd6 21.
Rxd6 Bxg2 22. Kxg2 Qf5 23. Qe6 Qe4+ 24. f3 Qxe2+ 25. Rf2 Qe3 26. Rd7 Rbd8 27.
Rxg7 Kxg7 28. Bxe5+ Kh7 29. Qe7+ Kg6 30. g4 1-0